[Event "Pindamonhangaba Rezende Memorial"]
[Site "Pindamonhangaba"]
[Date "2023.08.04"]
[Round "1"]
[White "Schultz, Rauanda"]
[Black "Di Berardino, Diego Rafael"]
[Result "0-1"]
[WhiteElo "1613"]
[BlackElo "2479"]
[PlyCount "108"]
[EventDate "2023.08.04"]
[EventType "swiss"]
[EventRounds "6"]
[EventCountry "BRA"]
[SourceTitle "CBM 215 Extra"]
[Source "ChessBase"]
[SourceDate "2023.09.30"]
[SourceVersion "1"]
[SourceVersionDate "2023.09.30"]
[SourceQuality "1"]

1. d4 Nf6 2. c4 g6 3. Nc3 d5 4. cxd5 Nxd5 5. e4 Nxc3 6. bxc3 Bg7 7. Nf3 c5 8. Bb5+ Bd7 9. Bxd7+ Nxd7 10. 0-0 0-0 11. Qb3 Qc7 12. Bg5 e5 13. d5 c4 14. Qb4 Rfc8 15. Rab1 b6 16. Be7 Nc5 17. d6 Qb7 18. Nd2 Nd7 19. Rfe1 Qc6 20. Rbd1 a5 21. Qb2 Bf8 22. Bxf8 Rxf8 23. Nf3 f6 24. Qd2 Rad8 25. Qd5+ Qxd5 26. Rxd5 Kf7 27. Nd2 Rc8 28. g3 Ke6 29. f4 Rc6 30. Rd1 Rd8 31. Nf3 h6 32. fxe5 fxe5 33. Nh4 g5 34. Nf5 Nf6 35. Nxh6 Rd7 36. Nf5 Nxe4 37. Ng7+ Kf7 38. Nf5 Nxc3 39. Ne7 Nxd5 40. Nxc6 Ke6 41. Re1 Kxd6 42. Nxe5 Rc7 43. Nf3 g4 44. Nd4 Rc8 45. Rc1 Nb4 46. Nb5+ Kc5 47. a4 Rd8 48. Na3 Rd4 49. Nb5 Rd3 50. Nc3 Nd5 51. Ne4+ Kb4 52. Nf2 Rd4 53. Ra1 c3 54. Nd1 c2 0-1

[Event "Barueri op 3rd"]
[Site "Barueri"]
[Date "2019.04.20"]
[Round "4"]
[White "Schultz, Rauanda"]
[Black "Pertuzatti, Daniel"]
[Result "0-1"]
[WhiteElo "1594"]
[BlackElo "1940"]
[PlyCount "88"]
[EventDate "2019.04.19"]
[EventType "swiss"]
[EventRounds "6"]
[EventCountry "BRA"]
[SourceTitle "CBM 190 Extra"]
[Source "ChessBase"]
[SourceDate "2019.07.15"]
[SourceVersion "1"]
[SourceVersionDate "2019.07.15"]
[SourceQuality "1"]

1. Nf3 Nf6 2. b3 d5 3. Bb2 c5 4. e3 Nc6 5. c4 d4 6. exd4 cxd4 7. Ba3 e5 8. Bxf8 Kxf8 9. d3 g6 10. g3 Ne8 11. Bg2 f5 12. Nbd2 Nf6 13. Qe2 Kg7 14. 0-0 Re8 15. Rae1 a5 16. a3 Qd6 17. Nb1 h6 18. Qc2 Bd7 19. Nfd2 Re7 20. f4 exf4 21. c5 Qc7 22. Rxe7+ Nxe7 23. Rxf4 Nc6 24. Nc4 Re8 25. Nbd2 g5 26. Rf1 Ne5 27. Nd6 Nfg4 28. Nxe8+ Bxe8 29. Qb2 Qxc5 30. Rc1 Qa7 31. Rc7+ Kf6 32. Rxb7 Qc5 33. b4 Qc3 34. Qxc3 dxc3 35. Rb6+ Ke7 36. Nb3 f4 37. Be4 Ba4 38. bxa5 f3 39. a6 Ne3 40. a7 Nd1 41. Nc1 f2+ 42. Kf1 Ng4 43. Ke2 Nde3 44. Bg2 Bd1# 0-1

[Event "Sao Paulo Carnaval op"]
[Site "Sao Paulo"]
[Date "2019.03.02"]
[Round "2"]
[White "Dos Santos, Lucas Aparecido"]
[Black "Schultz, Rauanda"]
[Result "1-0"]
[WhiteElo "1999"]
[BlackElo "1563"]
[PlyCount "63"]
[EventDate "2019.03.02"]
[EventType "swiss"]
[EventRounds "7"]
[EventCountry "BRA"]
[SourceTitle "EXT 2020"]
[Source "ChessBase"]
[SourceDate "2019.10.17"]
[SourceVersion "1"]
[SourceVersionDate "2019.10.17"]
[SourceQuality "1"]

1. e4 c6 2. d4 d5 3. e5 Bf5 4. Nc3 e6 5. g4 Bg6 6. Nge2 c5 7. Be3 cxd4 8. Nxd4 Nc6 9. f4 Nxd4 10. Bxd4 a6 11. h4 h5 12. f5 exf5 13. g5 Bb4 14. a3 Ba5 15. Qf3 Ne7 16. 0-0-0 Rc8 17. Rh2 b5 18. Re2 Bxc3 19. Bxc3 Rc4 20. e6 0-0 21. exf7+ Bxf7 22. Ree1 Rxh4 23. Bd3 Be8 24. Bb4 Rf7 25. Qe2 Rxb4 26. axb4 Bc6 27. Qxh5 g6 28. Qh4 Rh7 29. Qf4 d4 30. Re6 a5 31. bxa5 Qxa5 32. Qb8+ 1-0

[Event "Buenos Aires Szmetan Giardelli op"]
[Site "Buenos Aires"]
[Date "2018.12.11"]
[Round "8"]
[White "Baudel, Simon"]
[Black "Schultz, Rauanda"]
[Result "1/2-1/2"]
[WhiteElo "1857"]
[BlackElo "1557"]
[PlyCount "134"]
[EventDate "2018.12.04"]
[EventType "swiss"]
[EventRounds "9"]
[EventCountry "ARG"]
[SourceTitle "CBM 187 Extra"]
[Source "ChessBase"]
[SourceDate "2018.11.04"]
[SourceVersion "1"]
[SourceVersionDate "2018.11.04"]
[SourceQuality "1"]

1. e4 c5 2. b3 d6 3. Bb2 Nc6 4. Bb5 Bd7 5. Ne2 Nf6 6. Nbc3 a6 7. Bxc6 Bxc6 8. d3 g6 9. Nd5 Bxd5 10. exd5 Bg7 11. c4 0-0 12. 0-0 Re8 13. Re1 e6 14. dxe6 Rxe6 15. Qd2 Qd7 16. Nf4 Rxe1+ 17. Rxe1 Re8 18. Bxf6 Bxf6 19. Nd5 Bd4 20. Kf1 Kg7 21. Nb6 Rxe1+ 22. Qxe1 Qf5 23. Qe2 Qe6 24. Qxe6 fxe6 25. Nc8 Be5 26. g3 g5 27. Ke2 Kf6 28. Kf3 h5 29. Ke4 g4 30. f4 gxf3 31. Kxf3 Kf7 32. Ke3 Ke8 33. Nb6 Bc3 34. Na4 Bd4+ 35. Kd2 Kf7 36. Ke2 b5 37. Nb6 Ke7 38. cxb5 axb5 39. Nc8+ Kd7 40. Na7 b4 41. Nb5 Be5 42. a4 bxa3 43. Nxa3 d5 44. Kf3 Ke7 45. h3 Kf6 46. Nc2 Kg6 47. Ne3 Bd4 48. Ng2 e5 49. Ne1 Bc3 50. Nc2 Bd2 51. Na3 Kf5 52. g4+ Kg5 53. gxh5 Kxh5 54. Nb5 Ba5 55. Nd6 Kh4 56. Kg2 Kg5 57. Kf3 Kh4 58. Ne8 Bd8 59. Ng7 Kxh3 60. Ne6 Bb6 61. Nf8 e4+ 62. dxe4 c4 63. bxc4 dxc4 64. e5 Bc5 65. Ng6 c3 66. Nf4+ Kh4 67. Ke4 Kg4 1/2-1/2

[Event "Buenos Aires Szmetan Giardelli op"]
[Site "Buenos Aires"]
[Date "2018.12.04"]
[Round "1"]
[White "Schultz, Rauanda"]
[Black "Crespo, Eugenio"]
[Result "0-1"]
[WhiteElo "1557"]
[BlackElo "2156"]
[PlyCount "70"]
[EventDate "2018.12.04"]
[EventType "swiss"]
[EventRounds "9"]
[EventCountry "ARG"]
[SourceTitle "CBM 187 Extra"]
[Source "ChessBase"]
[SourceDate "2018.11.04"]
[SourceVersion "1"]
[SourceVersionDate "2018.11.04"]
[SourceQuality "1"]

1. d4 Nf6 2. c4 e6 3. Nf3 b6 4. Bg5 Bb7 5. e3 Be7 6. Be2 h6 7. Bh4 d5 8. 0-0 0-0 9. Nc3 Nbd7 10. cxd5 Nxd5 11. Bxe7 Qxe7 12. Rc1 c5 13. a3 Rfd8 14. Qb3 cxd4 15. Nxd4 Nc5 16. Nxd5 Bxd5 17. Qb5 Qb7 18. Bf3 Bxf3 19. Nxf3 Rd5 20. Qc4 Rad8 21. b4 b5 22. Qe2 Nd3 23. Rc3 e5 24. Qc2 R5d6 25. Rc7 Qb6 26. Rc8 Qa6 27. Rxd8+ Rxd8 28. Qc3 e4 29. Nd4 Rc8 30. Qb3 Rc4 31. h3 Qb7 32. f3 a6 33. a4 Rxb4 34. Qa3 Rc4 35. Qb3 Nc5 0-1

[Event "BRA-ch Amateur U1600"]
[Site "Sao Paulo"]
[Date "2018.05.31"]
[Round "2"]
[White "Narimatsu, Fabio Carramao"]
[Black "Schultz, Rauanda"]
[Result "1-0"]
[WhiteElo "1403"]
[BlackElo "1583"]
[PlyCount "50"]
[EventDate "2018.05.31"]
[EventType "swiss"]
[EventRounds "7"]
[EventCountry "BRA"]
[SourceTitle "EXT 2021"]
[Source "ChessBase"]
[SourceDate "2020.10.23"]
[SourceVersion "1"]
[SourceVersionDate "2020.10.23"]
[SourceQuality "1"]

1. e4 c5 2. Nc3 Nc6 3. Bb5 d6 4. f4 e6 5. Nf3 Nge7 6. 0-0 g6 7. d4 Bd7 8. d5 exd5 9. exd5 Bg7 10. f5 Ne5 11. Bxd7+ Qxd7 12. fxg6 hxg6 13. Ng5 0-0-0 14. Bf4 Ng4 15. Ne6 Nxh2 16. Nxc5 dxc5 17. Bxh2 Bd4+ 18. Kh1 Qd6 19. g3 Qxg3 20. Qe2 Be5 21. Rf2 Rh7 22. Rg1 Qh3 23. Qxe5 Qxh2+ 24. Rxh2 Rxh2+ 25. Qxh2 Rxd5 1-0

[Event "Brazil Foz do Iguacu op"]
[Site "Foz do Iguacu"]
[Date "2018.05.16"]
[Round "1"]
[White "Schultz, Rauanda"]
[Black "Alboredo, Julia"]
[Result "0-1"]
[WhiteElo "1583"]
[BlackElo "2158"]
[PlyCount "80"]
[EventDate "2018.05.16"]
[EventType "swiss"]
[EventRounds "9"]
[EventCountry "BRA"]
[SourceTitle "CBM 184 Extra"]
[Source "ChessBase"]
[SourceDate "2018.06.28"]
[SourceVersion "1"]
[SourceVersionDate "2018.06.28"]
[SourceQuality "1"]

1. d4 Nf6 2. c4 g6 3. Nc3 Bg7 4. Nf3 0-0 5. Bg5 c5 6. e3 cxd4 7. exd4 d5 8. Be2 dxc4 9. Bxc4 Bg4 10. 0-0 Nbd7 11. Qd3 Nb6 12. Bb3 Bf5 13. Qe2 h6 14. Bf4 g5 15. Be5 Qd7 16. Rac1 Rac8 17. Rfe1 Bg4 18. Qd3 Qf5 19. Qxf5 Bxf5 20. h3 Rfd8 21. Nb5 Nbd5 22. Nxa7 Ra8 23. Nb5 Nb4 24. Rc7 Nd3 25. Re2 Rd7 26. Bh2 Kf8 27. a3 Rxc7 28. Nxc7 Rc8 29. Re3 Nxb2 30. Ne1 Rd8 31. Nb5 Nd5 32. Re2 Nd3 33. Nf3 e6 34. Rd2 N3f4 35. Ne5 Be4 36. f3 Bh7 37. Kf2 Bd3 38. Nd6 Rc8 39. Rd1 Rc6 40. Bxd5 Rc2+ 0-1

[Event "Sao Paulo Hebraica op 24th"]
[Site "Sao Paulo"]
[Date "2017.01.14"]
[Round "4"]
[White "Vieira, Alexandre Letizio"]
[Black "Schultz, Rauanda"]
[Result "1-0"]
[WhiteElo "1867"]
[BlackElo "1610"]
[PlyCount "61"]
[EventDate "2017.01.13"]
[EventType "swiss"]
[EventRounds "6"]
[EventCountry "BRA"]
[SourceTitle "CBM 176 Extra"]
[Source "ChessBase"]
[SourceDate "2017.03.02"]
[SourceVersion "1"]
[SourceVersionDate "2017.03.02"]
[SourceQuality "1"]

1. d4 d5 2. Nc3 Nf6 3. Bf4 c6 4. e3 Bf5 5. f3 e6 6. g4 Bg6 7. h4 h6 8. Bd3 Bxd3 9. Qxd3 Nbd7 10. Nge2 Bb4 11. 0-0-0 Qe7 12. g5 Nh5 13. g6 f6 14. a3 Ba5 15. e4 Nxf4 16. Nxf4 e5 17. exd5 exd4 18. dxc6 Ne5 19. Qb5 0-0 20. Ncd5 Qd8 21. cxb7 Rb8 22. Rxd4 Bb6 23. Ne6 Qe8 24. Qxe8 Rfxe8 25. Nxb6 Rxe6 26. Nd7 Nxf3 27. Nxb8 Nxd4 28. Rd1 Ne2+ 29. Kb1 Re8 30. Nc6 Nf4 31. b8Q 1-0

[Event "Sao Paulo op-B U2050 4th"]
[Site "Sao Paulo"]
[Date "2016.03.26"]
[Round "4"]
[White "Schultz, Rauanda"]
[Black "Boabaid, Jorge Alberto Duard"]
[Result "0-1"]
[WhiteElo "1590"]
[BlackElo "1874"]
[PlyCount "56"]
[EventDate "2016.03.24"]
[EventType "swiss"]
[EventRounds "7"]
[EventCountry "BRA"]
[SourceTitle "CBM 171 Extra"]
[Source "ChessBase"]
[SourceDate "2016.04.26"]
[SourceVersion "1"]
[SourceVersionDate "2016.04.26"]
[SourceQuality "1"]

1. d4 Nf6 2. c4 e6 3. Nf3 d5 4. Nc3 b6 5. Bg5 Nbd7 6. cxd5 exd5 7. Nxd5 h6 8. Bh4 g5 9. Nxf6+ Nxf6 10. Bg3 g4 11. Nd2 Qxd4 12. Qc2 Bd7 13. Qxc7 Bb4 14. Qe5+ Qxe5 15. Bxe5 Ne4 16. Bf4 Be6 17. f3 Bxd2+ 18. Bxd2 Nxd2 19. Kxd2 0-0-0+ 20. Ke1 Kb8 21. e4 f5 22. exf5 Bxf5 23. Bb5 Rd5 24. Bc4 Re8+ 25. Kf2 Rd2+ 26. Kg3 gxf3 27. gxf3 Rxb2 28. Rhd1 Be6 0-1

[Event "Sao Paulo op-B 3rd"]
[Site "Sao Paulo"]
[Date "2015.09.20"]
[Round "5"]
[White "Serafim Junior, Arnor"]
[Black "Schultz, Rauanda"]
[Result "0-1"]
[WhiteElo "1867"]
[BlackElo "1578"]
[PlyCount "100"]
[EventDate "2015.09.17"]
[EventType "swiss"]
[EventRounds "6"]
[EventCountry "BRA"]
[SourceTitle "EXT 2016"]
[Source "ChessBase"]
[SourceDate "2015.10.08"]
[SourceVersion "1"]
[SourceVersionDate "2015.10.08"]
[SourceQuality "1"]

1. c4 e6 2. Nf3 d5 3. d4 c6 4. g3 dxc4 5. Bg2 Qc7 6. 0-0 Nf6 7. Re1 Be7 8. e4 0-0 9. Nc3 b5 10. a3 a6 11. Bf4 Qb6 12. Qc2 Bb7 13. Rad1 Nbd7 14. Bg5 Rfe8 15. e5 Nd5 16. Ne4 Bf8 17. Bc1 c5 18. dxc5 Nxc5 19. Nxc5 Qxc5 20. Ng5 g6 21. Ne4 Qb6 22. Rxd5 Bxd5 23. Nf6+ Kh8 24. Nxe8 Rxe8 25. Be3 Qb8 26. Bxd5 exd5 27. Rd1 Qb7 28. Qd2 Rd8 29. Bg5 Rd7 30. Bf6+ Kg8 31. Qe2 d4 32. Qg4 d3 33. h4 Qd5 34. h5 Qe6 35. Qf4 Qf5 36. hxg6 hxg6 37. Qh4 Qh5 38. g4 Qxh4 39. Bxh4 Rd4 40. f3 Bh6 41. Bf2 Rd7 42. Kg2 d2 43. Kg3 Rd3 44. Bb6 Rb3 45. Bd4 Rd3 46. Bc3 Kf8 47. Kf2 Ke7 48. Ke2 Ke6 49. Rf1 Bf4 50. Kd1 Bxe5 0-1

[Event "Sao Paulo Consciencia 5th U2000"]
[Site "Sao Paulo"]
[Date "2015.09.07"]
[Round "6.7"]
[White "Schultz, Rauanda"]
[Black "Borges, Silvio"]
[Result "1-0"]
[WhiteElo "1578"]
[BlackElo "1747"]
[PlyCount "83"]
[EventDate "2015.09.05"]
[EventType "swiss"]
[EventRounds "6"]
[EventCountry "BRA"]
[SourceTitle "EXT 2022"]
[Source "ChessBase"]
[SourceDate "2021.10.06"]
[SourceVersion "1"]
[SourceVersionDate "2021.10.06"]
[SourceQuality "1"]

1. d4 Nf6 2. c4 e5 3. dxe5 Ng4 4. Nf3 Nc6 5. Bg5 Be7 6. Bxe7 Qxe7 7. Nc3 Ncxe5 8. Nxe5 Qxe5 9. g3 0-0 10. e3 d6 11. Bg2 h5 12. 0-0 Be6 13. Qd3 Rfd8 14. Rab1 c6 15. Rfd1 h4 16. h3 hxg3 17. hxg4 gxf2+ 18. Kxf2 Bxg4 19. Rh1 g6 20. Qd4 Be6 21. Qh4 Kg7 22. Qh6+ Kf6 23. Ne4+ Ke7 24. Qh4+ Kd7 25. Nxd6 Kxd6 26. Rhd1+ Bd5 27. cxd5 Kc7 28. Qf4 Qxf4+ 29. exf4 c5 30. d6+ Rxd6 31. Rxd6 Kxd6 32. Bxb7 Rb8 33. Bf3 Rb4 34. Kg3 c4 35. Rd1+ Ke7 36. Rd2 Rb5 37. Rc2 g5 38. Be2 gxf4+ 39. Kxf4 Ra5 40. Bxc4 Ra4 41. Kf3 f6 42. Bb3 1-0

[Event "Sao Paulo Consciencia 5th U2000"]
[Site "Sao Paulo"]
[Date "2015.09.05"]
[Round "2.1"]
[White "Schultz, Rauanda"]
[Black "Araujo, Renan Aparecido"]
[Result "0-1"]
[WhiteElo "1578"]
[BlackElo "1986"]
[PlyCount "80"]
[EventDate "2015.09.05"]
[EventType "swiss"]
[EventRounds "6"]
[EventCountry "BRA"]
[SourceTitle "EXT 2022"]
[Source "ChessBase"]
[SourceDate "2021.10.06"]
[SourceVersion "1"]
[SourceVersionDate "2021.10.06"]
[SourceQuality "1"]

1. d4 Nf6 2. c4 g6 3. Nc3 Bg7 4. Nf3 d6 5. Bg5 0-0 6. e3 h6 7. Bh4 e6 8. h3 g5 9. Bg3 Nh5 10. Bh2 f5 11. Nd2 Nf6 12. Be2 Nc6 13. Qb3 Qe7 14. 0-0-0 a6 15. Nf3 Ne4 16. Rdf1 Nxc3 17. Qxc3 e5 18. Qd2 g4 19. hxg4 fxg4 20. Ne1 exd4 21. Bf4 Be6 22. Bxh6 Rae8 23. exd4 Nxd4 24. Bd3 Bf5 25. Bxg7 Qxg7 26. Bxf5 Rxf5 27. Qb4 c5 28. Qa5 Re2 29. Qd8+ Rf8 30. Qb6 Qg5+ 31. Kb1 Qd2 32. a3 Nb5 33. Nd3 Qxd3+ 34. Ka1 Qc2 35. Rb1 Qxc4 36. Qxb7 Qf7 37. Qxa6 Nc3 38. Rh8+ Kxh8 39. Rh1+ Kg8 40. Rh8+ Kxh8 0-1

[Event "Sao Paulo Hebraica op 21st"]
[Site "Sao Paulo"]
[Date "2015.07.12"]
[Round "5"]
[White "Costa, Edvaldo da Cruz"]
[Black "Schultz, Rauanda"]
[Result "1-0"]
[WhiteElo "1700"]
[BlackElo "1564"]
[PlyCount "71"]
[EventDate "2015.07.11"]
[EventType "swiss"]
[EventRounds "5"]
[EventCountry "BRA"]
[SourceTitle "CBM 167 Extra"]
[Source "ChessBase"]
[SourceDate "2015.09.14"]
[SourceVersion "1"]
[SourceVersionDate "2015.09.14"]
[SourceQuality "1"]

1. d4 d5 2. c4 e6 3. Nc3 c6 4. e4 Bb4 5. e5 Ne7 6. Bg5 0-0 7. Nf3 Qc7 8. a3 Bxc3+ 9. bxc3 c5 10. Qc2 Ng6 11. Bd3 dxc4 12. Bxc4 Nd7 13. 0-0 b6 14. Bd3 Bb7 15. Bxg6 hxg6 16. Be7 Rfe8 17. Bd6 Qc6 18. Qd2 Rad8 19. Qg5 Qd5 20. Qg3 Nf8 21. Nd2 Ba6 22. Rfe1 cxd4 23. cxd4 Qxd4 24. Nf3 Qd3 25. Red1 Qf5 26. Nd4 Qe4 27. Nf3 Nh7 28. Rd4 Qf5 29. Rf4 Qh5 30. Rh4 Qf5 31. Rxh7 Kxh7 32. Ng5+ Kg8 33. Qh4 Rxd6 34. exd6 Qxg5 35. Qxg5 Bc8 36. Rc1 1-0

[Event "Sao Paulo ECP Etapa Siegmund Gansl I"]
[Site "Sao Paulo"]
[Date "2015.06.14"]
[Round "5.11"]
[White "Schultz, Rauanda"]
[Black "Mangini, Bruno Fernandes"]
[Result "0-1"]
[WhiteElo "1593"]
[BlackElo "1733"]
[PlyCount "92"]
[EventDate "2015.06.12"]
[EventType "swiss"]
[EventRounds "6"]
[EventCountry "BRA"]
[SourceTitle "EXT 2022"]
[Source "ChessBase"]
[SourceDate "2021.10.06"]
[SourceVersion "1"]
[SourceVersionDate "2021.10.06"]
[SourceQuality "1"]

1. d4 Nf6 2. c4 c5 3. d5 e6 4. Nc3 exd5 5. cxd5 d6 6. e4 g6 7. Nf3 Bg4 8. Bg5 a6 9. h3 Bxf3 10. Qxf3 Bg7 11. Be2 0-0 12. 0-0 Nbd7 13. Qg3 Qc7 14. h4 c4 15. Rad1 b5 16. Qf4 Rfe8 17. g4 b4 18. Bxf6 Bxf6 19. Na4 Be5 20. Qh6 Qa5 21. b3 c3 22. h5 Qd8 23. hxg6 hxg6 24. Kg2 Bg7 25. Qf4 Qe7 26. Bd3 Ne5 27. Be2 Qf6 28. Qg3 Nd7 29. Bd3 Qe5 30. f4 Qd4 31. Bc2 Qa7 32. Rh1 Nc5 33. Nxc5 Qxc5 34. Qh3 a5 35. Rh2 Qa7 36. Rdh1 Qd4 37. g5 Qd2+ 38. Kf3 Qd4 39. e5 Kf8 40. Rd1 Qc5 41. e6 Qa7 42. f5 gxf5 43. Qxf5 Kg8 44. Rdh1 fxe6 45. Qh7+ Kf8 46. dxe6 Rxe6 0-1

[Event "Sao Paulo ECP Etapa Siegmund Gansl I"]
[Site "Sao Paulo"]
[Date "2015.06.12"]
[Round "2.19"]
[White "Sato, Luiz Henrique Yuzo"]
[Black "Schultz, Rauanda"]
[Result "0-1"]
[WhiteElo "1316"]
[BlackElo "1593"]
[PlyCount "48"]
[EventDate "2015.06.12"]
[EventType "swiss"]
[EventRounds "6"]
[EventCountry "BRA"]
[SourceTitle "EXT 2022"]
[Source "ChessBase"]
[SourceDate "2021.10.06"]
[SourceVersion "1"]
[SourceVersionDate "2021.10.06"]
[SourceQuality "1"]

1. d4 d5 2. Nf3 e6 3. Bf4 Nf6 4. e3 c5 5. c3 Qb6 6. Qc2 Nc6 7. Nbd2 Be7 8. c4 cxd4 9. cxd5 Nxd5 10. exd4 Nxf4 11. Nc4 Bb4+ 12. Kd1 Qd8 13. Qe4 Nd5 14. Rc1 0-0 15. Bd3 Nf6 16. Qh4 Ne7 17. g4 Ng6 18. Bxg6 fxg6 19. g5 Nd5 20. Nfe5 Rf4 21. Qg3 Rxd4+ 22. Ke2 Nf4+ 23. Kf1 Rd1+ 24. Rxd1 Qxd1# 0-1

[Event "Sao Paulo Hebraica op 20th"]
[Site "Sao Paulo"]
[Date "2015.06.06"]
[Round "6"]
[White "Francelli, Derli"]
[Black "Schultz, Rauanda"]
[Result "0-1"]
[WhiteElo "1703"]
[BlackElo "1593"]
[PlyCount "60"]
[EventDate "2015.06.04"]
[EventType "swiss"]
[EventRounds "6"]
[EventCountry "BRA"]
[SourceTitle "CBM 166 Extra"]
[Source "ChessBase"]
[SourceDate "2015.06.18"]
[SourceVersion "1"]
[SourceVersionDate "2015.06.18"]
[SourceQuality "1"]

1. d4 d5 2. c4 e6 3. Nc3 c6 4. Nf3 dxc4 5. e4 b5 6. a3 Bb7 7. Be2 Nf6 8. 0-0 Be7 9. e5 Nd5 10. Qc2 0-0 11. h3 Qb6 12. Nxd5 cxd5 13. Bd2 Nc6 14. Bc3 a5 15. Qd2 b4 16. axb4 axb4 17. Rab1 Ra2 18. Qe3 bxc3 19. bxc3 Rb2 20. Ra1 Ra8 21. Rxa8+ Bxa8 22. Nd2 Qa5 23. f4 Qa2 24. Rd1 Na5 25. Bf3 Bh4 26. f5 Nb3 27. fxe6 fxe6 28. Qf4 Nxd2 29. Qxh4 Nxf3+ 30. gxf3 Rg2+ 0-1